| 000 | 00516pab a2200181 454500 | ||
|---|---|---|---|
| 008 | 180718b2000 xxu||||| |||| 00| 0 eng d | ||
| 100 | _aLim, Joseph Y. | ||
| 245 | _aThe structure of employment and structural adjustment in the Philippines | ||
| 260 | _c2000 | ||
| 300 | _ap.149-81 | ||
| 362 | _aApr | ||
| 650 | _aStructural adjustment - Philippines | ||
| 650 | _aEmployment - Philippines | ||
| 650 | _aEmployment | ||
| 700 | _aMontes, Manuel F. | ||
| 773 | _aJournal of Development Studies | ||
| 909 | _a45488 | ||
| 999 |
_c45488 _d45488 |
||